000 00361pam a2200157a 44500
008 230515b2009 xxu||||| |||| 00| 0 eng d
020 _aNULL
041 _aENGLISH
082 _a617.05
100 _aTAWARE C.
245 _aPRACTICAL GUIDE TO ORAL & MAXILLOFACIAL SURGERY
250 _a1
260 _a
_bC B S PUB
_c2009
300 _a224
650 _aNULL
999 _c564376
_d564376